000 00930nam a2200265 4500
001 RU\NLR\BIBL_A\022462735
005 20250627134755.0
035 _a(NLR Aleph) 022462735
090 _a13364954
_c13364954
100 _a20250219d1939 |||y0rusy50 ca
101 0 _arus
102 _aRU
105 _ay z 000yy
181 0 _ai
_baxxe
182 0 _an
200 1 _aВКП(б)ялъул XVIII съездалъул резолюцияби
_e1939 соналъул 10-21 марталда
203 _aТекст
_bвизуальный
_cнепосредственный
210 _aМахачкала
_cДаг. гос. изд-во
_d1939
215 _a84 с.
_d22
541 1 _aРезолюции XVIII съезда ВКП(б)
_zrus
601 1 2 _aКПСС
_bСъезд
_d18
_eМосква, город
_f1939
_92414036
_3RU\NLR\AUTH\6601657121
686 1 _aФ61(2)11
942 _cBOOK
980 _aNB